|
|
|
|
| LEADER |
01712nam a2200421 i 4500 |
| 001 |
EBC4306417 |
| 003 |
MiAaPQ |
| 005 |
20200520144314.0 |
| 006 |
m o d | |
| 007 |
cr cnu|||||||| |
| 008 |
160115t20162016qeaa o 001 0 eng d |
| 020 |
|
|
|z 9780730324713
|
| 020 |
|
|
|a 9780730324720
|q (electronic bk.)
|
| 035 |
|
|
|a (MiAaPQ)EBC4306417
|
| 035 |
|
|
|a (Au-PeEL)EBL4306417
|
| 035 |
|
|
|a (CaPaEBR)ebr11137550
|
| 035 |
|
|
|a (CaONFJC)MIL884673
|
| 035 |
|
|
|a (OCoLC)935255232
|
| 040 |
|
|
|a MiAaPQ
|b eng
|e rda
|e pn
|c MiAaPQ
|d MiAaPQ
|
| 050 |
|
4 |
|a HD53
|b .F69 2016
|
| 082 |
0 |
|
|a 658.4063
|2 23
|
| 100 |
1 |
|
|a Fox, Jason,
|e author.
|
| 245 |
1 |
0 |
|a How to lead a quest :
|b a handbook for pioneering executives /
|c Dr. Jason Fox.
|
| 264 |
|
1 |
|a Milton, Queensland :
|b Wiley,
|c 2016.
|
| 264 |
|
4 |
|c 2016
|
| 300 |
|
|
|a 1 online resource (244 pages) :
|b illustrations
|
| 336 |
|
|
|a text
|2 rdacontent
|
| 337 |
|
|
|a computer
|2 rdamedia
|
| 338 |
|
|
|a online resource
|2 rdacarrier
|
| 500 |
|
|
|a Includes index.
|
| 588 |
|
|
|a Description based on online resource; title from PDF title page (ebrary, viewed January 18, 2016).
|
| 590 |
|
|
|a Electronic reproduction. Ann Arbor, MI : ProQuest, 2016. Available via World Wide Web. Access may be limited to ProQuest affiliated libraries.
|
| 650 |
|
0 |
|a Creative ability in business
|x Management.
|
| 650 |
|
0 |
|a Business enterprises.
|
| 655 |
|
4 |
|a Electronic books.
|
| 776 |
0 |
8 |
|i Print version:
|a Fox, Jason.
|t How to lead a quest : a handbook for pioneering executives.
|d Milton, Queensland : Wiley, c2016
|h approximately 244 pages
|z 9780730324713
|
| 797 |
2 |
|
|a ProQuest (Firm)
|
| 856 |
4 |
0 |
|u https://ebookcentral.proquest.com/lib/matrademy/detail.action?docID=4306417
|z Click to View
|